Statistics for Sports General Knowledge

Click here to take the quiz!

General Stats

  • This quiz has been taken 202 times
  • The average score is 9 of 15

Answer Stats

HintAnswer% Correct
How many points are awarded for a safety in American football?2
96%
What sport is known as America's game?Baseball
94%
In what sport would you slide stones while sweeping infront of them?Curling
90%
Who, with a total of 5, has won the most football world cups?Brazil
84%
How many gold medals in olympics has Michael phelps won?23
81%
What is the only sport to be split into thirds?Ice hockey
71%
Where was the 2010 football world cup held?South Africa
63%
What is the national sport of Japan?Sumo
57%
Which tennis open is played on plexicushion courts?Australian
56%
In golf a 3 under par or double eagle may be referred to as another bird what is it?Albatross
53%
What national animal is the South African rugby team also referred to as?Springboks
45%
Where will the 2024 olympic games be held?Paris
35%
What sport is played on the largest pitch?Polo
31%
What is the name for the cup given to the winner of the Scotland vs England rugby match?Calcutta
28%
What is the swimming and water polo equivalent of FIFA?FINA
11%

Score Distribution

Percentile by Number Answered

Percent of People with Each Score

Your Score History

You have not taken this quiz